| 000 | 008770000a22002770004500 | ||
|---|---|---|---|
| 001 | 20778 | ||
| 003 | CO-MdFUSB | ||
| 005 | 20180622170018.0 | ||
| 008 | 160827b xxu||||| |||| 00| 0 eng d | ||
| 020 | _a978-0-281-06105-1 | ||
| 040 |
_aCO-MdFUSB _bEspañol _cCO-MdFUSB _dCO-MdFUSB |
||
| 041 | _aeng | ||
| 082 |
_224 _aG 263.9 _bF944w |
||
| 100 | 1 | _aFruehwirth, Gregory | |
| 245 | 1 | 0 |
_aWords for silence : _bA year of contemplative meditations / _cGregory Fruehwirth |
| 264 |
_aLondon : _bSPCK, _c2008 |
||
| 300 | _a206 páginas | ||
| 336 |
_2rdacontent _atexto _btxt |
||
| 337 |
_2rdamedia _asin mediación _bn |
||
| 338 |
_2rdacarrier _avolumen _bnc |
||
| 500 | _aRústico | ||
| 501 | _aAdviento - Navidad - Epifanía - Cuaresma Pascua - Tiempo ordinario - Para todas las temporadas | ||
| 653 | _aAño eclesiástico | ||
| 653 | _aFiestas de la iglesia | ||
| 942 | _cBK | ||
| 999 |
_c47129 _d47129 |
||